The Abolition of Feudal Tenure etc. (Scotland) Act 2000 (Consequential Provisions) Order 2004 (Record no. 103979)

MARC details
000 -LEADER
fixed length control field 01397cam a2200289 4500
008 - FIXED-LENGTH DATA ELEMENTS--GENERAL INFORMATION
fixed length control field 050202n2004 000 0 eng u
020 ## - INTERNATIONAL STANDARD BOOK NUMBER
International Standard Book Number 0110693604
035 ## - SYSTEM CONTROL NUMBER
System control number (Sirsi) u128698
041 ## - LANGUAGE CODE
Language code of text/sound track or separate title eng
245 #4 - TITLE STATEMENT
Title The Abolition of Feudal Tenure etc. (Scotland) Act 2000 (Consequential Provisions) Order 2004
260 ## - PUBLICATION, DISTRIBUTION, ETC.
Place of publication, distribution, etc. London
Name of publisher, distributor, etc. HMSO
Date of publication, distribution, etc. 2004
490 ## - SERIES STATEMENT
Series statement SSI
Volume/sequential designation 2004: 535
520 ## - SUMMARY, ETC.
Summary, etc. Modified the Land Registers (Scotland) Act 1868, Title to Land Consolidation (Scotland) Act 1868, Law Reform (Miscellaneous Provisions) (Scotland) Act 1980 in consequence of the Abolition of Feudal Tenure etc (Scotland) Act 2000. See Explanatory note for further details. View at www.scotland-legislation.hmso.gov.uk.
650 ## - SUBJECT ADDED ENTRY--TOPICAL TERM
Topical term or geographic name entry element ABOLITION OF FEUDAL TENURE ETC (SCOTLAND) ACT 2000 (CONSEQUENTIAL PROVISIONS) ORDER 2004
650 ## - SUBJECT ADDED ENTRY--TOPICAL TERM
Topical term or geographic name entry element ABOLITION OF FEUDAL TENURE ETC (SCOTLAND) ACT 2000
650 ## - SUBJECT ADDED ENTRY--TOPICAL TERM
Topical term or geographic name entry element LAND REGISTERS (SCOTLAND) ACT 1868
650 ## - SUBJECT ADDED ENTRY--TOPICAL TERM
Topical term or geographic name entry element TITLE TO LAND CONSOLIDATION (SCOTLAND) ACT 1868
650 ## - SUBJECT ADDED ENTRY--TOPICAL TERM
Topical term or geographic name entry element LAW REFORM (MISCELLANEOUS PROVISIONS) (SCOTLAND) ACT 1980
650 ## - SUBJECT ADDED ENTRY--TOPICAL TERM
Topical term or geographic name entry element SCOTLAND
650 ## - SUBJECT ADDED ENTRY--TOPICAL TERM
Topical term or geographic name entry element TENURE
650 ## - SUBJECT ADDED ENTRY--TOPICAL TERM
Topical term or geographic name entry element FEUDAL SYSTEM
650 ## - SUBJECT ADDED ENTRY--TOPICAL TERM
Topical term or geographic name entry element TITLE CONDITIONS
650 ## - SUBJECT ADDED ENTRY--TOPICAL TERM
Topical term or geographic name entry element LAND REGISTRATION RULES
690 ## - LOCAL SUBJECT ADDED ENTRY--TOPICAL TERM (OCLC, RLIN)
Topical term or geographic name as entry element PROPERTY
856 ## - ELECTRONIC LOCATION AND ACCESS
Uniform Resource Identifier <a href="https://www.scotland-legislation.hmso.gov.uk/legislation/scotland/ssi2004/20040535.htm">https://www.scotland-legislation.hmso.gov.uk/legislation/scotland/ssi2004/20040535.htm</a>
Public note View this Order on the HMSO website...
942 ## - ADDED ENTRY ELEMENTS (KOHA)
Suppress in OPAC 0
Holdings
Withdrawn status Lost status Source of classification or shelving scheme Damaged status Not for loan Home library Current library Shelving location Date acquired Total Checkouts Full call number Barcode Date last seen Copy number Price effective from Koha item type
    Dewey Decimal Classification     Virtual Virtual Online 02/02/2005   ONLINE PUBLICATION 128698-2001 06/08/2019 1 06/08/2019 Book